study on nematode on rice and vegetables in angkor chey district, kampot province, សិក្សាវត្តមានណេម៉ាតូតទៅលើដំណាំស្រូវ និងបន្លែនៅស្រុកអង្គរជ័យ ខេត្តកំពត (Record no. 8003)

000 -LEADER
fixed length control field 00681nam a22001577a 4500
003 - CONTROL NUMBER IDENTIFIER
control field OSt
005 - DATE AND TIME OF LATEST TRANSACTION
control field 20160517092421.0
008 - FIXED-LENGTH DATA ELEMENTS--GENERAL INFORMATION
fixed length control field 160517b xxu||||| |||| 00| 0 eng d
040 ## - CATALOGING SOURCE
Transcribing agency RUA
082 ## - DEWEY DECIMAL CLASSIFICATION NUMBER
Classification number AGR OUM 2011 B470 Or.1
100 ## - MAIN ENTRY--PERSONAL NAME
9 (RLIN) 8356
Personal name OUM SOPHANN; អ៊ុំ សុផាន់
245 ## - TITLE STATEMENT
Title study on nematode on rice and vegetables in angkor chey district, kampot province, សិក្សាវត្តមានណេម៉ាតូតទៅលើដំណាំស្រូវ និងបន្លែនៅស្រុកអង្គរជ័យ ខេត្តកំពត
260 ## - PUBLICATION, DISTRIBUTION, ETC. (IMPRINT)
Place of publication, distribution, etc. Phnom Penh
Name of publisher, distributor, etc. RUA
Date of publication, distribution, etc. 2011
300 ## - PHYSICAL DESCRIPTION
Extent xi; 47p.
Other physical details ill.
Dimensions 29cm.
942 ## - ADDED ENTRY ELEMENTS (KOHA)
Source of classification or shelving scheme
Koha item type AGR

No items available.

មជ្ឈមណ្ឌលឯការនៃសាកលវិទ្យាល័យភូមិន្ទកសិកម្មចំការដូង

Powered by Koha